Counting Crows-Mr. Jones (Lyrics) - Statistics

General Stats
  • This quiz has been taken 268 times
  • The average score is 314 of 436
Answer Stats
Lyrics % Correct
A
100%
Jones
98%
Mr.
98%
And
97%
Me
97%
I
95%
The
93%
At
92%
Be
90%
In
90%
She
87%
So
87%
We
87%
Who
87%
Some
86%
When
86%
He
85%
Up
85%
Look
84%
Want
84%
Beautiful
83%
Dance
81%
All
80%
You
80%
Conversation
79%
Girl
79%
Haired
79%
La
78%
New
78%
She’s
78%
To
78%
Amsterdam
77%
Down
77%
Wanna
76%
Was
76%
Yeah
76%
Black
74%
Dancer
74%
Looking
74%
Strikes
74%
Sha
73%
Don’t
72%
No
72%
Staring
72%
Stars
72%
This
72%
Yellow
72%
Know
71%
Play
71%
With
71%
Big
70%
Come
70%
Wish
70%
Guitar
69%
Someone
69%
Women
69%
Dances
67%
Of
67%
Believe
66%
Something
66%
Spanish
66%
Can
65%
Pass
64%
Show
64%
As
63%
Bottle
63%
Flamenco
63%
My
63%
Stare
63%
Suddenly
63%
Father
62%
That
62%
Everybody
60%
Fairy
60%
Gray
60%
Grey
60%
Loves
60%
Think
60%
For
59%
Gon’
59%
Just
59%
Maria
59%
Morning
59%
Other
59%
While
59%
Anything
58%
Tales
58%
Each
57%
Is
57%
Man
57%
Plays
57%
His
56%
Myself
56%
Tell
56%
Believes
55%
‘Cause
55%
Well
55%
Color
53%
Would
53%
Are
52%
Buy
52%
Got
52%
If
52%
Picasso
52%
Red
52%
Very
52%
We’re
52%
Bob
51%
Dylan
51%
Help
51%
But
50%
Funky
50%
Gonna
50%
See
50%
Through
50%
Blue
49%
Favorite
49%
Uh
49%
Colors
48%
Cut
48%
Huh
48%
About
47%
Never
47%
Paint
47%
Somebody
47%
Symbolic
47%
Why
47%
Felt
45%
I’m
45%
Little
45%
More
45%
Spotlight
45%
Happy
44%
Them
44%
Yesterday
44%
How
43%
Knew
43%
Lonely
43%
Right
43%
Will
43%
Back
42%
Picture
42%
Silence
42%
Cats
41%
Different
41%
Meaningful
41%
Wishes
41%
Future
40%
Stereo
40%
Television
40%
Ah
38%
Bought
38%
Reasons
38%
Standing
38%
There’s
38%
Coming
37%
Barrio
35%
Into
35%
Bright
34%
Lion
34%
Perfect
34%
Lights
33%
Smilin’
31%
That’s
29%
Mmm
28%
Video
26%
Son
24%
Said
22%
Stumbling
21%
Looked
8%
No matching quizzes found
Score Distribution
Percent of People with Each Score
Percentile by Number Answered
Your Score History
You have not taken this quiz